000 00354nam a2200157Ia 4500
005 20250428005550.0
008 240331s9999 xx 000 0 und d
020 _a9558110000
082 _bGAM
_a891
100 _aGamage,N
245 0 _aPini padma
260 _aColombo
_bSarasavi theiyaniyo
_c1998
300 _a40 p .,
650 _aPoems
942 _cL
999 _c4863
_d4863